Manet (Record no. 5195)

MARC details
000 -CABECERA
campo de control de longitud fija 00722nam a2200241 a 4500
001 - NÚMERO DE CONTROL
campo de control BRCA_5501
005 - FECHA Y HORA DE LA ÚLTIMA TRANSACCIÓN
campo de control 20190320205115.0
008 - DATOS DE LONGITUD FIJA--INFORMACIÓN GENERAL
campo de control de longitud fija 030211s1940----enka######---#000-0#eng-#
041 ## - CÓDIGO DE LENGUA
Código de lengua del texto/banda sonora o título independiente eng
044 ## - CÓDIGO DEL PAÍS DE LA ENTIDAD EDITORA/PRODUCTORA
Código MARC del país enk
050 #4 - SIGNATURA TOPOGRÁFICA DE LA BIBLIOTECA DEL CONGRESO
Número de clasificación ND553.M3
Número de documento/Ítem .R48 1940
100 1# - ENTRADA PRINCIPAL--NOMBRE DE PERSONA
Nombre de persona Rey, Robert
9 (RLIN) 14058
245 10 - MENCIÓN DE TÍTULO
Título Manet
Mención de responsabilidad, etc. Robert Rey ; translated from the French by Eveline Byam Shaw.
260 ## - PUBLICACIÓN, DISTRIBUCIÓN, ETC.
Lugar de publicación, distribución, etc. Londres
Nombre del editor, distribuidor, etc. William Heinemann
Fecha de publicación, distribución, etc. [1940]
300 ## - DESCRIPCIÓN FÍSICA
Extensión 167 p.
Otras características físicas il. (algunas a color), 160 láminas
Dimensiones 33 cm.
500 ## - NOTA GENERAL
Nota general E175
504 ## - NOTA DE BIBLIOGRAFÍA, ETC.
Nota de bibliografía, etc. Bibliografía: p. 166-167
600 14 - PUNTO DE ACCESO ADICIONAL DE MATERIA--NOMBRE DE PERSONA
Nombre de persona Manet, Edouard
Fechas asociadas al nombre 1832-1883
9 (RLIN) 14059
650 14 - PUNTO DE ACCESO ADICIONAL DE MATERIA--TÉRMINO DE MATERIA
Término de materia o nombre geográfico como elemento de entrada Pintores franceses
9 (RLIN) 7726
700 1# - PUNTO DE ACCESO ADICIONAL--NOMBRE DE PERSONA
Nombre de persona Byam Shaw, Eveline
Término indicativo de función/relación Traductora
9 (RLIN) 14060
902 ## - CATALOGADOR
Iniciales GFM
942 ## - ELEMENTOS DE PUNTO DE ACCESO ADICIONAL (KOHA)
Fuente del sistema de clasificación o colocación Library of Congress Classification
Tipo de ítem Koha Libros
Holdings
Estado de retiro Estado de pérdida Estado dañado No para préstamo Localización permanente Ubicación/localización actual Fecha de adquisición Número de inventario Total de préstamos Signatura topográfica completa Código de barras Fecha visto por última vez Precio válido a partir de Tipo de ítem Koha
El ejemplar forma parte de la colección y puede ser consultado según las políticas vigentes.       Biblioteca del Museo Franz Mayer (Rogerio Casas-Alatriste) Biblioteca del Museo Franz Mayer (Rogerio Casas-Alatriste) 03/02/2011 E175   ND553.M3 .R48 1940 (E175) 5937 22/03/2019 22/03/2019 Libros